Labranza conservacionista : cuaderno de actualización técnica nº 37 /
Guardado en:
| Autor Principal: | |
|---|---|
| Formato: | Libro |
| Publicado: |
Buenos Aires :
Crea,
1985
|
| Materias: | |
| Etiquetas: |
Agregar Etiqueta
Sin Etiquetas, Sea el primero en etiquetar este registro!
|
| LEADER | 01071nam a22001935a 4500 | ||
|---|---|---|---|
| 001 | CEM.cems016686 | ||
| 005 | 20111108105525.0 | ||
| 008 | 130507s1985##################000#0#####d | ||
| 003 | CEMS | ||
| 082 | 0 | 4 | |a 631.5 |
| 100 | 1 | |a Oliverio, Gustavo | |
| 245 | 1 | 0 | |a Labranza conservacionista : |b cuaderno de actualización técnica nº 37 / |c Gustavo Oliverio, Daniel Canova y Francisco de Prat Gay |
| 260 | |a Buenos Aires : |b Crea, |c 1985 | ||
| 300 | |a 76 p. | ||
| 505 | 0 | |a Qué y para qué hacer labranzas. Cómo afectan las labranzas al suelo -- Qué es la labranza conservacionista -- Por qué labranza conservacionista -- Algunos sistemas de labranza conservacionista -- Labranza conservacionista -- Maquinaria para la labranza conservacionista -- Factores que afectan la adopción de la labranza conservacionista -- Experiencias de productores -- Futuro de la labranza conservacionista | |
| 653 | |a Labranza | ||
| 653 | |a Labranza conservacionista | ||
| 859 | |a CEMS |b BIB. CEMS - Agricultura |h 631.5 |i Ol47 |p A0004.33 |t Ej.2 | ||
| 859 | |a CEMS |b BIB. CEMS - Agricultura |h 631.5 |i Ol47 |p A0391.02 |t Ej.1 | ||
